00707nam a2200253Ia 4500003000400000005001700004006001800021007000300039008004100042024001000083037001100093040001800104041001300122100002800135110005900163245006100222260000900283300001900292650000800311700004400319700005900363942001200422999001900434OSt20220930084257.0a|||||r|||| 00| 0ta220926b |||||||| |||| 00| 0 eng d a83713 cTheses aCRLcCRLbeng 2engaeng aVarshney Neeraj9537302 aUniversity of Delhi. Faculty of Law. Department of Law 0aApplication of antidumping measures under the WTO regime c2005 a561p.ap.ccm. aLAW a Prof. Ashwani Kumar Bansal Gu.9537303 aUniversity of Delhi. Faculty of Law. Department of Law cDIS2CC c876946d876946